00423nam a2200157Ia 4500003000400000008004100004040001600045082001300061100002000074245005900094260004000153300001000193490002500203650001500228650002200243GCL140319s9999 xx 000 0 eng d aGCL / cGCL04a843bG G1 aGIRAUDOUX, JEAN10aLA GUERRE DE TROIE N'AURA PAS LIEU / cGIRAUDOUX, JEAN a[S.N] : bBERNARD GRASSET ، c1991 a252 P aLE LIVRE DE POCHEv004aLITERATURE04aFRENCH LITERATURE